| 000 | 00936nam a22002657a 4500 | ||
|---|---|---|---|
| 001 | BR8702598 | ||
| 003 | BR-BrBNA | ||
| 005 | 20230928092518.0 | ||
| 007 | ta | ||
| 008 | 230509b bl.||||| |||| 00| 0 por d | ||
| 040 |
_aBR-BrBNA _bpor _cBiblioteca Nacional de Agricultura |
||
| 041 | _a(Por) | ||
| 072 | _aD10 | ||
| 090 | _ D10 BR8702598 | ||
| 100 | 1 | _aMachado, R.R. | |
| 110 | 1 |
_aEmpresa de Assistencia Tecnica e Extensao Rural do Estado de Minas Gerais, Belo Horizonte (Brasil). Coordenadoria de Planejamento _94021 |
|
| 245 | 1 | _aAdministracao da empresa rural | |
| 260 | 3 |
_aBelo Horizonte, MG (Brasil): _c1980. |
|
| 300 | _a22 p. | ||
| 500 | _a(*) Documento disponível no(a) Empresa de Assistencia Tecnica e Extensao Rural do Estado de Minas Gerais, Belo Horizonte (Brazil). Coordenadoria de Planejamento | ||
| 650 | _aADMINISTRACAO | ||
| 650 | _aEMPRESA RURAL | ||
| 909 |
_a202309 _bLucia _c55 _dLucia Elande |
||
| 942 | _cBK | ||
| 999 |
_c39513 _d39513 |
||